Xarxa d'espectacle infantil i juvenil de Catalunya : catàleg 1999 catàleg 1999
Publicado:
Barcelona :
Diputació de Barcelona. Àrea de Cultura. Oficina de Difusió Artística : La Xarxa ,
1990
Descripción Física:
158 p. ; 21 cm
MARC
| LEADER | 00000nam a2200000Ia 4500 | ||
|---|---|---|---|
| 001 | 22729 | ||
| 008 | 160829s199? xx 000 0 cat d | ||
| 080 | |a A-2-394 | ||
| 245 | |a Xarxa d'espectacle infantil i juvenil de Catalunya : |b catàleg 1999 | ||
| 260 | |a Barcelona : |b Diputació de Barcelona. Àrea de Cultura. Oficina de Difusió Artística : |b La Xarxa, |c 199? | ||
| 300 | |a 158 p. ; |c 21 cm | ||
| 590 | |a Guia dels espectacles infantils i juvenils representats a Catalunya amb les dades artístiques i tècniques, dades de la companyia, resum argumental i observacions. | ||
| 650 | |a Arts de l'espectacle |x Catàlegs |x Catalunya |9 22215 | ||
| 710 | 1 | |a Barcelona (Catalunya : Província). |b Oficina de Difusió Artística |9 52669 | |
| 901 | |a Arxiu | ||
| 942 | |n 1 | ||
| 952 | |0 0 |1 0 |4 0 |6 A2394 |7 1 |9 52298 |a Arxiu |b Arxiu |d 2016-12-01 |l 0 |o A-2-394 |p 22729 |r 2016-12-01 00:00:00 |w 2016-12-01 |y ARXIU | ||
| 999 | |c 56146 |d 56146 | ||